Visualizzazione normale
Vista MARC
- Becciu Mario, Colasanti Anna Rita (a cura di)
di Personal Name
Records bibliografici associati: 1
001 - CONTROL NUMBER
- control field: 61651
003 - CONTROL NUMBER IDENTIFIER
- control field:
005 - DATE AND TIME OF LATEST TRANSACTION
- control field: 20250221152105.0
008 - FIXED-LENGTH DATA ELEMENTS
- fixed length control field: 250221|| aca||aabn | a|a d
040 ## - CATALOGING SOURCE
- Original cataloging agency:
- Transcribing agency:
100 ## - HEADING--PERSONAL NAME
- Personal name: Becciu Mario, Colasanti Anna Rita (a cura di)
670 ## - SOURCE DATA FOUND
- Source citation: Work cat.: ()210223: Becciu Mario, Colasanti Anna Rita (a cura di), In viaggio per... crescere., 2010